000 01528nam a2200433 i 4500
001 8618
003 KOSZ 005
005 20240405062958.0
008 950505s1970 pl f |000 0 pol d
040 _cBPK
041 _apol
_beng
045 _bd1969
046 _k1970
080 _a33(438)
245 1 0 _aPoznańskie roczniki ekonomiczne.
_nT.22,
_pZa rok 1969 /
_bPoznańskie Towarzystwo Przyjaciół Nauk.
246 3 1 _aPoznań economic yearbook
260 _aPoznań :
_bPaństwowe Wydawnictwo Naukowe,
_c1970.
300 _a357 s. :
_bil. ;
_c23 cm.
336 _2rdacontent
_aTekst
_btxt
337 _2rdamedia
_aBez urządzenia pośredniczącego
_bn
338 _2rdacarrier
_aWolumin
_bnc
380 _aPublikacje naukowe
388 _a1901-2000
388 _a1945-1989
546 _aTytuł równoległy, spis treści, streszczenia przy pracach w języku angielskim.
651 0 _aPoznań (woj. wielkopolskie)
658 _aGospodarka, ekonomia, finanse
648 4 _a1901-2000
651 0 _aPolska
650 4 _aKomunikacja miejska
648 4 _a1945-1989
650 4 _aCeny
650 4 _aInwestycje
650 4 _aUbezpieczenia osobowe
710 2 _aPoznańskie Towarzystwo Przyjaciół Nauk
710 2 _aPaństwowe Wydawnictwo Naukowe
_b Oddział (Poznań)
_4pbl.
856 _uhttp://koha.tu.koszalin.pl/cgi-bin/koha/opac-detail.pl?biblionumber=8618
_yKatalog online BPK
942 _cKS
_2UKD
999 _c8618
_d8618